| Tag |
First Indicator |
Second Indicator |
Subfields |
| LEADER |
00000cam a22000004a 4500 |
| 001 |
in00002334607 |
| 005 |
20151108042029.0 |
| 008 |
050727s2007 maua b 001 0 eng |
| 010 |
|
|
|a 2005052292
|
| 015 |
|
|
|a GBA740400
|2 bnb
|
| 016 |
7 |
|
|a 013474072
|2 Uk
|
| 019 |
|
|
|a 144561358
|
| 020 |
|
|
|a 0072934255 (alk. paper)
|
| 020 |
|
|
|a 9780072934250
|
| 020 |
|
|
|a 007325794X
|
| 020 |
|
|
|a 9780073257945
|
| 020 |
|
|
|a 9780071107075 (pbk.)
|
| 020 |
|
|
|a 007110707X (pbk.)
|
| 029 |
1 |
|
|a NLGGC
|b 283487577
|
| 029 |
1 |
|
|a YDXCP
|b 2257578
|
| 029 |
1 |
|
|a NZ1
|b 9981504
|
| 035 |
|
|
|a (OCoLC)ocm61178277
|
| 035 |
|
|
|a (OCoLC)61178277
|z (OCoLC)144561358
|
| 040 |
|
|
|a DLC
|c DLC
|d YDX
|d BAKER
|d NLGGC
|d BTCTA
|d YDXCP
|d UKM
|d UtOrBLW
|
| 042 |
|
|
|a pcc
|
| 049 |
|
|
|a TXAM
|
| 050 |
0 |
0 |
|a HF5549
|b .F86 2007
|
| 082 |
0 |
0 |
|a 658.3
|2 22
|
| 084 |
|
|
|a 85.62
|2 bcl
|
| 245 |
0 |
0 |
|a Fundamentals of human resource management /
|c Raymond A. Noe [and others].
|
| 246 |
3 |
0 |
|a Human resource management
|
| 250 |
|
|
|a 2nd ed.
|
| 264 |
|
1 |
|a Boston :
|b McGraw-Hill/Irwin,
|c [2007]
|
| 264 |
|
4 |
|c ©2007
|
| 300 |
|
|
|a xxix, 594 pages :
|b illustrations (chiefly color) ;
|c 25 cm.
|
| 336 |
|
|
|a text
|b txt
|2 rdacontent
|
| 337 |
|
|
|a unmediated
|b n
|2 rdamedia
|
| 338 |
|
|
|a volume
|b nc
|2 rdacarrier
|
| 504 |
|
|
|a Includes bibliographical references and indexes.
|
| 650 |
|
0 |
|a Personnel management.
|
| 650 |
1 |
7 |
|a Personeelsmanagement.
|2 gtt
|
| 700 |
1 |
|
|a Noe, Raymond A.
|
| 856 |
4 |
1 |
|3 Table of contents only
|u http://www.loc.gov/catdir/enhancements/fy0625/2005052292-t.html
|t 0
|
| 938 |
|
|
|a Baker & Taylor
|b BKTY
|c 107.60
|d 107.60
|i 0072934255
|n 0006543380
|s active
|
| 938 |
|
|
|a YBP Library Services
|b YANK
|n 2257578
|
| 938 |
|
|
|a Baker and Taylor
|b BTCP
|n BK0006598692
|
| 938 |
|
|
|a Baker & Taylor
|b BKTY
|c 111.15
|d 111.15
|i 007325794X
|n 0006598692
|s active
|
| 994 |
|
|
|a C0
|b TXA
|
| 948 |
|
|
|a cataloged
|b h
|c 2007/9/21
|d c
|e jlanham
|f 10:03:24 am
|
| 999 |
|
|
|a MARS
|
| 999 |
f |
f |
|s 6887f625-1961-350f-bec1-50965e751fac
|i 5a8eef72-cd51-31d7-be9a-39b492368d37
|t 0
|
| 952 |
f |
f |
|p normal
|a Texas A&M University
|b College Station
|c Sterling C. Evans Library
|d Evans: Library Stacks
|t 0
|e HF5549 .F86 2007
|h Library of Congress classification
|i unmediated -- volume
|m A14836365469
|
| 998 |
f |
f |
|a HF5549 .F86 2007
|t 0
|l Evans: Library Stacks
|